01377 2200541 4500001002100000005001500021035002000036245007300056100001300129250000600142300003500148700002200183260003600205082001000241084001600251020002200267650003600289990001700325990001700342990001700359990001700376990001700393990001700410990001700427990001700444990001700461990001700478990001700495990001700512990001700529990001700546990001700563990001700580990001700597990001700614990001700631990001700648990001700665990001700682990001700699990001700716990001700733990001700750990001700767990001700784990001700801990001700818INLIS00000000000003720180801111508 a0010-08180000011 aKisah-Kisah dalam Al-Qur'an 1 /cMiftah F; Editor, Hawari L. Ibrahim0 aMiftah F a- aiv, 51 hlm. :bilus. ;c21 cm.0 aHawari L. Ibrahim aJakarta :bCV Megah Jaya,c2009 a2X1.6 a2X1.6 MIF k a978-602-8382-18-2 aCerita dan Kisah dari Al-Qur'an a00150/P/2018 a00151/P/2018 a00152/P/2018 a00153/P/2018 a00154/P/2018 a00150/P/2018 a00151/P/2018 a00152/P/2018 a00153/P/2018 a00154/P/2018 a00151/P/2018 a00150/P/2018 a00152/P/2018 a00153/P/2018 a00154/P/2018 a00152/P/2018 a00150/P/2018 a00151/P/2018 a00153/P/2018 a00154/P/2018 a00153/P/2018 a00150/P/2018 a00151/P/2018 a00152/P/2018 a00154/P/2018 a00154/P/2018 a00150/P/2018 a00151/P/2018 a00152/P/2018 a00153/P/2018